Регионална библиотека "Любен Каравелов" - Русе

Поема за България (Запис номер 167120)

MARC детайли
000 -Лидер
Контролно поле с фиксирана дължина 01242nam a2200301 c 4500
003 - Код на организацията, давaща контролен номер
Контролно поле BLK
005 - Дата и час на последна редакция
Контролно поле 20180422114151.0
008 - Елементи от данни с фиксирана дължина
fixed length control field 180411b bul|||||r ||||||| ||bul||
010 ## - Наследен системен номер
LC control number KNG00174901000
040 ## - Източник на каталожния запис
Идентификатор на билиотеката - собственик на записа BLK
041 ## - Код за език
Код за езика на текст/звукозапис или на отделно заглавие Български
Код за езика КДБФ Български
080 ## - УДК
Текстов определител УДК Българска литература
УДК код - определител по УДК 821.163.2
УДК определител -1
УДК - код + определител 821.163.2-1
100 1# - Редна дума - Автор
Автор Евтимов, Евтим Михалушев
Авторска отговорност първи автор
R(LIN) 365147
139 ## - Редно поле
Редна дума Евтимов, Евтим Михалушев
Авторски знак Евт - Е 22
245 10 - Сведения за заглавието
Заглавие Поема за България
Редно поле (дума) Евтим Михалушев Евтимов; худож. Красимира Златанова; худож. Здравко Захариев.
257 ## - Страна на издаване
Страна на създаване/издаване България
260 ## - Област на издателските данни
-- Пловдив
Име на издателя, разпространителя и проч. Христо Г. Данов
Година на издаване 1968
300 ## - Физическа характеристика
Страници 95 с.
Илюстрации и др. с рис.
Размери/Мащаб 18 см
380 ## - Жанр
Жанр Худож. лит.
500 ## - Общи забележки
Забележка 4 080 тир.
700 1# - Други автори (авторска отговорност)
Лично име Златанова, Красимира
Автороска отговорност (Описва отношението между автора и произведението) худож.
9 (RLIN) 337395
700 1# - Други автори (авторска отговорност)
Лично име Захариев, Здравко
Автороска отговорност (Описва отношението между автора и произведението) худож.
9 (RLIN) 380182
852 ## - Местоположение
Форматна сигнатура Цб І 9840
856 4# - Електронен адрес и достъп
Електронен формат pdf - файл
Път до файла /url/
856 4# - Електронен адрес и достъп
Електронен формат pdf - файл
Път до файла /url/
942 ## - АРТИКУЛИ
Вид на библиотечния материал Книги
Скрит в OPAC Не
944 ## - СЪЗДАВАНЕ И РЕДАКЦИЯ на ЗАПИСА
Създаване/Редакция Създаване
Дата на регистрацията/редакция 05.05.2015
Статус, дата на статуса 05.05.2015 - от С1,Р / 05.05.2015
Служител, извършил регистрацията/редакцията Наталия_Любомирова
944 ## - СЪЗДАВАНЕ И РЕДАКЦИЯ на ЗАПИСА
Създаване/Редакция Редакция
Дата на регистрацията/редакция 26.09.2017
Статус, дата на статуса 05.05.2015 - от С1,Р / 05.05.2015
Служител, извършил регистрацията/редакцията Вася_Ганчева
999 ## - СИСТЕМНИ КОНТРОЛНИ НОМЕРА
Koha biblionumber 167120
Koha biblioitemnumber 167120
Наличности
Код за отписване Код за изгубен артикул Източник на класификационната схема Код за повреда Коз за рестрикции Код за отдаване Артикулен № Име на библиотеката - собственик Име на библиотеката, в която се намира в момента Статус (Текущо местоположение) Дата на вписване в системата Местоположение - отдел Цена в лева Инвентарен номер Систематично азбучна сигнатура Баркод Номер на екземпляра Цена в евро Служебна бележка Служебен тип на артикула Бележка за публиката
  Не е изгубен Universal Decimal Classification Не е повреден без рестрикции ползва се в читалня 281524 Регионална библиотека "Любен Каравелов" Русе Регионална библиотека "Любен Каравелов" Русе Хранилище 1968-01-01 Хранилище 0.91 5692/68 Цб І 9840 900000030251 1 0.47 N: стар фонд Дата: 01.01.1968 Книги  
Изтеглен Не е изгубен Universal Decimal Classification Не е повреден без рестрикции заемане за дома 281525 Регионална библиотека "Любен Каравелов" Русе Регионална библиотека "Любен Каравелов" Русе Заемна - подръчен фонд 1968-01-01 Заемна - подръчен фонд   7647/68 П 886.7-1/Е 22 7647/68 2 0.00 N: стар фонд Дата: 01.01.1968 Книги  
Изтеглен Не е изгубен Universal Decimal Classification Не е повреден без рестрикции заемане за дома 281526 Регионална библиотека "Любен Каравелов" Русе Регионална библиотека "Любен Каравелов" Русе Заемна - подръчен фонд 1968-01-01 Заемна - подръчен фонд   7649/68 П 886.7-1/Е 22 7649/68 3 0.00 N: стар фонд Дата: 01.01.1968 Книги  
Изтеглен Не е изгубен Universal Decimal Classification Не е повреден без рестрикции заемане за дома 281527 Регионална библиотека "Любен Каравелов" Русе Регионална библиотека "Любен Каравелов" Русе Заемна - подръчен фонд 1968-01-01 Заемна - подръчен фонд   7650/68 П 886.7-1/Е 22 7650/68 4 0.00 N: стар фонд Дата: 01.01.1968 Книги  
Изтеглен Не е изгубен   Не е повреден без рестрикции заемане за дома 281528 Регионална библиотека "Любен Каравелов" Русе Регионална библиотека "Любен Каравелов" Русе   1968-01-01 Детски отдел 0.91 7381/68 ДХ 886.7/Е 22 7381/68 5 0.47 N: стар фонд Дата: 01.01.1968 Дата инв: 02.09.2015 Бележки инв: Д2015 Книги Отч.N: 34/2017 , Дата: 05.09.2017
Изтеглен Не е изгубен   Не е повреден без рестрикции заемане за дома 281529 Регионална библиотека "Любен Каравелов" Русе Регионална библиотека "Любен Каравелов" Русе   1968-01-01 Детски отдел 0.91 7382/68 ДХ 886.7/Е 22 7382/68 6 0.47 N: стар фонд Дата: 01.01.1968 Дата инв: 02.09.2015 Бележки инв: Д2015 Книги Отч.N: 34/2017 , Дата: 05.09.2017
Vip Innovations Ltd, Rousse, Bulgaria 2025